Statistics for Countries with Four Letters - Shape Quiz

Click here to take the quiz!

General Stats

  • This quiz has been taken 14,899 times
  • The average score is 8 of 10

Answer Stats

Country % Correct
Cuba
91%
Iran
84%
Peru
81%
Mali
80%
Chad
79%
Laos
79%
Iraq
77%
Fiji
72%
Oman
67%
Togo
61%

Score Distribution

Percentile by Number Answered

Percent of People with Each Score

Your Score History

You have not taken this quiz